000 00676nam a2200229 a 4500
001 13500
003 BD-JhCC
005 20231017111042.0
008 231017b2017 bg a|||| ||a| 000 0 ben d
020 _a9789849277668
035 _a(BD-JhCC)13500
040 _aBD-JhCC
_dBD-JhCC
041 _abengali
082 _a923
_bBAR 2017
100 _aবড়ুয়া,সব্রত
245 _aচাঁদে প্রথম মানুষ /
_cসব্রত বড়ুয়া।
260 _aঢাকা:
_bরাত্রি প্রকাশনী;
_c2017.
300 _a111 p. :
_c22 cm.
_bill;
650 _aBiography
942 _2ddc
_cBK
999 _c13500
_d13500